00626nam a2200193Ia 4500008004100000020001400041082001400055100002000069245004300089250000700132260004500139300002400184500001900208600002100227650005000248942000700298952011200305999001500417240925s9999 xx 000 0 und d a132385775 a005.1 BUK aBukauskas, Paul 0aProfessional Power Builder Programming aNA aNew Jersey:bPrintice- Hall Int.c,1997. a532p.bNAfOriginal aIncludes Index aComputer Science aComputer science, information & general works cBK 001040708CSaUITUbUITUd2000-07-28eNAg95.00l0o005.1 BUKpQ2593r2024-09-25 07:12:51w2024-09-25yBK c5092d5092